Florida Fish by Picture - Statistics

General Stats
  • This quiz has been taken 104 times
    97 since last reset
  • The average score is 18 of 28
Answer Stats
Picture Answer % Correct
Bull {Shark}
96%
Common {Lionfish}
95%
Largemouth {Bass}
94%
Great {Barracuda}
92%
Dolphinfish
91%
Southern {Stingray}
84%
Spotted Moray Eel
82%
Florida {Gar}
79%
Long-spine {Porcupinefish}
78%
Spanish {Mackerel}
75%
Common {Snook}
74%
Tarpon
74%
Crevalle {Jack}
70%
Queen {Triggerfish}
68%
Sailfish
68%
Bluegill
66%
Sheepshead
66%
Queen {Angelfish}
65%
Yellowtail {Snapper}
65%
Striped {Mullet}
61%
Blue Tang
58%
Goliath Grouper
52%
Lookdown
39%
Spotfin {Butterflyfish}
35%
Bluestriped Grunt
30%
Spanish {Hogfish}
27%
Porkfish
25%
Sergeant Major
22%
No matching quizzes found
Score Distribution
Percent of People with Each Score
Percentile by Number Answered
Your Score History
You have not taken this quiz since the last reset